A gyógyszerészhallgatók kötelező szakmai gyakorlatai

Elmentve itt :
Bibliográfiai részletek
Szerző: Csányi Erzsébet
Dokumentumtípus: Cikk
Megjelent: 2007
Sorozat:STUDIUM & PRACTICUM: FÜGGETLEN GYÓGYSZERÉSZETI FOLYÓIRAT 3
Tárgyszavak:
mtmt:2047316
Online Access:http://publicatio.bibl.u-szeged.hu/30608
LEADER 00681nab a2200193 i 4500
001 publ30608
005 20241021084515.0
008 241021s2007 hu o 000 hun d
022 |a 1788-6996 
024 7 |a 2047316  |2 mtmt 
040 |a SZTE Publicatio Repozitórium  |b hun 
041 |a hun 
100 1 |a Csányi Erzsébet 
245 1 2 |a A gyógyszerészhallgatók kötelező szakmai gyakorlatai  |h [elektronikus dokumentum] /  |c  Csányi Erzsébet 
260 |c 2007 
300 |a 22-23 
490 0 |a STUDIUM & PRACTICUM: FÜGGETLEN GYÓGYSZERÉSZETI FOLYÓIRAT  |v 3 
650 4 |a Általános orvostudomány 
856 4 0 |u http://publicatio.bibl.u-szeged.hu/30608/1/aok_klny_610_07.pdf  |z Dokumentum-elérés